00360nam a2200121Ia 4500008004100000024003000041082001600071100004700087245002000134260002500154600002100179650003800200250506s9999 xx 000 0 und d a02A-BS-11 & 02A-BS-36 a005.072 MUH aMuhammad Azhar Javed & Zeeshan Saleem Khan 0aUrdu Web Editor aKarachi:bUIT,c2002 aComputer Science aBachelor of Computer Science (BS)